Aktualizácia k zákonom II/2004 zákon o obchodnom registri

Guardado en:
Detalles Bibliográficos
Formato: Libro
Lenguaje:eslovaco
Publicado: Žilina Poradca 2004
Colección:Aktualizácia II/6
Etiquetas: Agregar Etiqueta
Sin Etiquetas, Sea el primero en etiquetar este registro!

MARC

LEADER 00000nam$a2200000$$$4500
001 0024736
005 20250619122723.2
022 |a 1335-6127 
041 0 |a slo 
044 |a SK 
245 1 0 |a Aktualizácia k zákonom II/2004  |b zákon o obchodnom registri 
264 1 |a Žilina  |b Poradca  |c 2004 
300 |a 176 s. 
490 1 |a Aktualizácia  |v II/6 
830 0 |a Aktualizácia  |v II/6